[Event "Benasque op"]
[Site "Benasque"]
[Date "1996.??.??"]
[Round "3"]
[White "Psakhis, Lev"]
[Black "Rodriguez Lopez, Rafael"]
[Result "1-0"]
[WhiteElo "2590"]
[BlackElo "2410"]

1.c4 c5 2.Nf3 Nc6 3.d4 cxd4 4.Nxd4 Nf6 5.Nc3 e6 6.a3 Bc5 7.Nb3 Be7 8.e4 a6
9.Be2 b6 10.Bf4 d6 11.O-O Bb7 12.Re1 O-O 13.Bf1 Rc8 14.Rc1 Ne5 15.Nd2 Re8
16.Bg3 g5 17.b4 Kh8 18.Nf3 Nfd7 19.Nxe5 Nxe5 20.Na4 Bf6 21.Qd2 Re7 22.Qe3 Rb8
23.Qxb6 Rc7 24.Qe3 Bc6 25.Nb2 Ng4 26.Qe2 h5 27.c5 dxc5 28.h3 Bb5 29.Nc4 Bxc4
30.Qxc4 Ne5 31.Qc3 Nd7 32.Bxc7 Bxc3 33.Bxd8 Bxe1 34.Bxg5 cxb4 35.Rxe1 bxa3
36.Ra1 Rb3 37.Be7  1-0

[Event "Benasque op"]
[Site "Benasque"]
[Date "1996.??.??"]
[Round "6"]
[White "Pogorelov, Ruslan"]
[Black "Psakhis, Lev"]
[Result "1/2-1/2"]
[WhiteElo "2450"]
[BlackElo "2590"]

1.Nf3 Nf6 2.c4 b6 3.g3 Bb7 4.Bg2 e6 5.O-O Be7 6.Nc3 O-O 7.d4 Ne4 8.Bd2 Bf6
9.Rc1 c5 10.d5 exd5 11.cxd5 Nxd2 12.Nxd2 d6 13.Nde4 Be5 14.Qd2 Ba6 15.Rfe1 g6
16.f4 Bg7 17.a4 Qe7 18.g4 Nd7 19.g5 c4 20.Nb5 Nc5  1/2-1/2

[Event "Benasque op"]
[Site "Benasque"]
[Date "1996.??.??"]
[Round "8"]
[White "Kuijf, Marinus"]
[Black "Psakhis, Lev"]
[Result "1/2-1/2"]
[WhiteElo "2475"]
[BlackElo "2590"]

1.e4 c5 2.c3 e6 3.d4 d5 4.exd5 exd5 5.Be3 c4 6.b3 cxb3 7.axb3 Bd6 8.Bd3 Nc6
9.Qf3 Be6 10.Ne2 Qd7 11.Bf4 Bxf4 12.Nxf4 Nf6 13.O-O O-O 14.Nh5 Nxh5 15.Qxh5  1/2-1/2

[Event "Benasque op"]
[Site "Benasque"]
[Date "1996.??.??"]
[Round "9"]
[White "Psakhis, Lev"]
[Black "Georgiev, Vladimir"]
[Result "0-1"]
[WhiteElo "2590"]
[BlackElo "2465"]

1.e4 c5 2.Nf3 Nc6 3.d4 cxd4 4.Nxd4 g6 5.c4 Bg7 6.Be3 Nf6 7.Nc3 O-O 8.Be2 b6
9.O-O Bb7 10.f3 Qb8 11.Qd2 Rd8 12.Ndb5 d6 13.Nd5 Rd7 14.Bg5 Ne8 15.f4 e6
16.Ne3 a6 17.Nc3 h6 18.Bh4 Nd4 19.Bd3 Bc6 20.f5 g5 21.Ng4 Qd8 22.f6 Nxf6
23.Nxh6+ Bxh6 24.Bxg5 Nxe4 25.Nxe4 Bxg5 26.Nxg5 f5 27.Rae1 Rg7 28.Nxe6 Nxe6
29.Rxe6 Bxg2 30.Qxg2 Ra7 31.Bxf5 Rxg2+ 32.Kxg2 Re7 33.Rh6 Rg7+ 34.Kh3 Rg5
35.Rf4 Qe8 36.Kh4 Rg2 37.Rg4+ Rxg4+ 38.Kxg4 Qe2+ 39.Kg5 Qd2+ 40.Kg6 Qg2+
41.Kh5 Qxh2+ 42.Kg5 Qd2+ 43.Kg6 Qg2+ 44.Kh5 Qxb2 45.Rh7 Qxa2 46.Kg6 Kf8 47.Rd7 Qg2+
48.Kf6 Qb2+ 49.Kg6 d5 50.cxd5 Qe5 51.Ra7 a5 52.Rf7+ Ke8 53.Bd7+ Kd8 54.Bc6 a4
55.Bxa4 Qe4+  0-1

[Event "Koop Tjuchem op"]
[Site "Groningen"]
[Date "1996.??.??"]
[Round "1"]
[White "Psakhis, Lev"]
[Black "Weischede, Thomas"]
[Result "1-0"]
[WhiteElo "2590"]
[BlackElo "2305"]

1.e4 e6 2.d3 d5 3.Qe2 Nf6 4.Nf3 Be7 5.g3 b6 6.e5 Nfd7 7.Bg2 Bb7 8.O-O c5
9.c4 d4 10.Nfd2 Bxg2 11.Kxg2 Qc7 12.f4 Nc6 13.Ne4 O-O-O 14.Na3 a6 15.Nc2 f5
16.exf6 gxf6 17.f5 e5 18.Qh5 Rdg8 19.Bh6 Nd8 20.Ne1 Qc6 21.Nf3 Nb7 22.b3 Nd6
23.Rae1 Bf8 24.Bc1 Rg7 25.Nxd6+ Bxd6 26.Bh6 Re7 27.Re4 Nb8 28.Nd2 Qe8 29.Qf3 Nc6
30.Rg4 Rf7 31.Ne4 Be7 32.Rh4 Kc7 33.Bd2 Bf8 34.Rf2 Qd7 35.Bh6 Bd6 36.Qh5 Rd8
37.g4 Rg8 38.Rh3 Bf8 39.Bd2 Bd6 40.Rg3 Nd8 41.h4 Nc6 42.g5 fxg5 43.hxg5 Rxf5
44.Rxf5  1-0

[Event "Koop Tjuchem op"]
[Site "Groningen"]
[Date "1996.??.??"]
[Round "3"]
[White "Psakhis, Lev"]
[Black "Khurtsidze, Nino"]
[Result "1-0"]
[WhiteElo "2590"]
[BlackElo "2395"]

1.e4 c6 2.d4 d5 3.exd5 cxd5 4.c4 Nf6 5.Nc3 Nc6 6.Bg5 dxc4 7.d5 Ne5 8.Qd4 Nd3+
9.Bxd3 cxd3 10.Nf3 e6 11.Bxf6 Qxf6 12.Qxd3 Qd8 13.O-O-O Be7 14.Qb5+ Qd7 15.Ne5 Qxb5
16.Nxb5 O-O 17.d6 Bg5+ 18.Kb1 f6 19.Nc7 fxe5 20.Nxa8 Bd7 21.h4 Bf6 22.Nc7 g6
23.h5 g5 24.Rhe1 Rf7 25.f3 Rf8 26.Re4 Bc6 27.Rc4 Rd8 28.a4  1-0

[Event "Koop Tjuchem op"]
[Site "Groningen"]
[Date "1996.??.??"]
[Round "4"]
[White "Psakhis, Lev"]
[Black "Van den Doel, Erik"]
[Result "1/2-1/2"]
[WhiteElo "2590"]
[BlackElo "2440"]

1.e4 c5 2.Nf3 d6 3.d4 cxd4 4.Nxd4 Nf6 5.Nc3 a6 6.Be2 e6 7.O-O Be7 8.f4 O-O
9.Be3 Nc6 10.a4 Qc7 11.Qe1 Nxd4 12.Bxd4 e5 13.Be3 exf4 14.Bxf4 Be6 15.Qg3 Nd7
16.Bh6 Qc5+ 17.Kh1 Qe5 18.Bf4 Qc5 19.Nd5 Bxd5 20.Bh6 g6 21.Bxf8 Bxf8 22.exd5 Qxc2
23.Qe3 Qxb2 24.Rab1 Qa2 25.Rxb7 Ne5 26.Qe4 a5 27.Bb5 Bg7 28.Rc7 Qd2 29.h3 Qg5
30.Qc2 Qd8 31.Rc1 Bf6 32.Rc8 Rxc8 33.Qxc8 Kg7 34.Qxd8 Bxd8 35.Rc8 Bb6 36.Ra8 h5
37.Ra6 Bc7 38.Kg1 Kf6 39.Kf2 Kg7 40.Ke2 Kf6 41.Ra7 Bb6 42.Rb7 Bd8 43.Ke3 Kg7  1/2-1/2

[Event "Koop Tjuchem op"]
[Site "Groningen"]
[Date "1996.??.??"]
[Round "5"]
[White "Peng Xiaomin"]
[Black "Psakhis, Lev"]
[Result "1/2-1/2"]
[WhiteElo "2490"]
[BlackElo "2590"]

1.e4 e6 2.d4 d5 3.e5 c5 4.c3 Nc6 5.Nf3 Bd7 6.Be2 Nge7 7.O-O Ng6 8.Be3 cxd4
9.cxd4 Be7 10.Nc3 O-O 11.Bd3 f6 12.exf6 Bxf6  1/2-1/2

[Event "Koop Tjuchem op"]
[Site "Groningen"]
[Date "1996.??.??"]
[Round "6"]
[White "Levin, Felix"]
[Black "Psakhis, Lev"]
[Result "1/2-1/2"]
[WhiteElo "2475"]
[BlackElo "2590"]

1.Nf3 c5 2.c4 Nc6 3.Nc3 Nd4 4.e3 Nxf3+ 5.Qxf3 g6 6.g3 Bg7 7.Bg2 Nf6 8.O-O d6
9.Qd1 O-O 10.b3 Bg4 11.Qc2 Qd7 12.Bb2 Bh3 13.e4 Bxg2 14.Kxg2 Ne8 15.Nd5  1/2-1/2

[Event "Koop Tjuchem op"]
[Site "Groningen"]
[Date "1996.??.??"]
[Round "9"]
[White "Visser, Yge"]
[Black "Psakhis, Lev"]
[Result "1/2-1/2"]
[WhiteElo "2395"]
[BlackElo "2590"]

1.e4 e6 2.d3 d5 3.Nd2 c5 4.g3 Nc6 5.Bg2 Nf6 6.Ngf3 Be7 7.O-O O-O 8.Re1 b5
9.e5 Nd7 10.Nf1 b4 11.h4 a5 12.N1h2 a4 13.Bf4 a3 14.b3 Ba6 15.Bh3 Qb6 16.Bg5 Rae8
17.Qd2 Bd8 18.Rad1 Bc8 19.Re2 f6 20.exf6 Nxf6 21.Rde1 Na7 22.c4 bxc3 23.Qxc3 Nb5
24.Qc1 d4 25.Re5 Nd5 26.Bxd8 Rxd8 27.Ng5 Nbc7 28.Bxe6+ Nxe6 29.Rxe6 Qb5 30.R6e5 Nb4
31.Rxc5 Qxd3 32.Rd1 Qa6 33.Rc4 h6 34.Rxb4 hxg5 35.Rbxd4 Rxd4 36.Rxd4 gxh4
37.Rxh4 Bb7 38.Qc2 g6 39.Qc3 Qf6 40.Qxf6 Rxf6 41.Ra4 Rc6 42.Kf1 Rc1+ 43.Ke2 Rc2+
44.Ke3 Rxa2 45.Ng4 Kf8 46.Ne5 Bd5 47.Nc4 Ke7 48.Kd4 Be6 49.Ra7+ Kf6 50.Ra6 Rxf2
51.Rxa3 Rf5 52.Ne3 Rb5 53.Nc4  1/2-1/2

[Event "Haifa"]
[Site "Haifa"]
[Date "1996.??.??"]
[Round "3"]
[White "Glek, Igor V"]
[Black "Psakhis, Lev"]
[Result "1-0"]
[WhiteElo "2635"]
[BlackElo "2610"]

1.e4 e6 2.d3 c5 3.Nf3 Nc6 4.g3 g6 5.Bg5 Qc7 6.Bg2 Bg7 7.c3 Nge7 8.O-O d5
9.Re1 h6 10.Be3 d4 11.cxd4 cxd4 12.Bd2 e5 13.b4 Be6 14.Na3 a6 15.Rc1 b5 16.Nh4 Qd6
17.f4 Nxb4 18.fxe5 Bxe5 19.Nf5 gxf5 20.Bxb4 Qxb4 21.exf5 Nxf5 22.Rxe5 Rd8
23.Bh3 Qd6 24.Rcc5 Ng7 25.Qc1 Kf8 26.Bg2 Ke7 27.Rcd5 Qb6 28.Rc5 Qd6 29.Re2 Rd7
30.Rc6 Qb4 31.Nc2 Qa5 32.Na1 b4 33.Nb3 Qg5 34.Qc4 Qb5 35.Qc2 Rhd8 36.Rc5 Qb6
37.Qc1 Rh8 38.Rc6 Qb8 39.Qc5+ Kf6 40.Rf2+  1-0

[Event "Haifa"]
[Site "Haifa"]
[Date "1996.??.??"]
[Round "5"]
[White "Svidler, Peter"]
[Black "Psakhis, Lev"]
[Result "1/2-1/2"]
[WhiteElo "2630"]
[BlackElo "2610"]

1.e4 e6 2.d4 d5 3.Nd2 c5 4.Ngf3 cxd4 5.exd5 Qxd5 6.Bc4 Qd6 7.O-O Nf6 8.Nb3 Nc6
9.Nbxd4 Nxd4 10.Nxd4 Bd7 11.b3 O-O-O 12.Bb2 Qc7 13.Qe2 h5 14.h3 Ng4 15.Nf3 Bd6
16.Rfe1 Bc6 17.Ne5 Nxe5 18.Bxe5 Bxe5 19.Qxe5 Qxe5 20.Rxe5 h4 21.Rae1 Rd4
22.Bd3 Rhd8  1/2-1/2

[Event "Haifa"]
[Site "Haifa"]
[Date "1996.??.??"]
[Round "7"]
[White "Psakhis, Lev"]
[Black "Alterman, Boris"]
[Result "1/2-1/2"]
[WhiteElo "2610"]
[BlackElo "2585"]

1.c4 e5 2.Nc3 Nf6 3.Nf3 Nc6 4.a3 g6 5.g3 Bg7 6.Bg2 O-O 7.O-O d6 8.d3 Bg4
9.h3 Bd7 10.e4 a6 11.Bg5 h6 12.Be3 Nh7 13.Nd5 Nd4 14.Nxd4 exd4 15.Bd2 c6
16.Nf4 Re8 17.Qc2 Nf6 18.Rfe1 a5 19.b4 axb4 20.axb4 Rxa1 21.Rxa1 g5 22.Ne2 d5
23.cxd5 cxd5 24.e5 Rxe5 25.Nxd4 Re8 26.Re1 Rxe1+ 27.Bxe1 Qb6 28.Nf3 Ne8 29.Bd2  1/2-1/2

[Event "ISR-chT"]
[Site "Israel"]
[Date "1996.??.??"]
[Round "8"]
[White "Soffer, Ram"]
[Black "Psakhis, Lev"]
[Result "1-0"]
[WhiteElo "2530"]
[BlackElo "2610"]

1.e4 c5 2.Nf3 d6 3.d4 cxd4 4.Qxd4 a6 5.c4 Nc6 6.Qd2 g6 7.h3 Bg7 8.Bd3 Nf6
9.O-O Nd7 10.Nc3 Nc5 11.Be2 f5 12.exf5 Bxf5 13.Qd1 O-O 14.Be3 Rc8 15.Nd4 Bd7
16.Qd2 Nxd4 17.Bxd4 Bxd4 18.Qxd4 Ne6 19.Qe3 Nf4 20.Rfe1 Rc5 21.Bf1 Re5 22.Qd4 Ref5
23.Qe3 e5 24.Rad1 Bc6 25.Ne4 Qe7 26.Nxd6 Rg5 27.g3 Nxh3+ 28.Bxh3 Rf3 29.Nc8 Qf6
30.Qe2 Rgxg3+ 31.fxg3 Rxg3+ 32.Kh2 Rf3 33.Qxe5 Qh4 34.Rd8+ Qxd8 35.Be6+  1-0

[Event "ISR-chT"]
[Site "Israel"]
[Date "1996.??.??"]
[Round "10"]
[White "Rechlis, Gad"]
[Black "Psakhis, Lev"]
[Result "0-1"]
[WhiteElo "2510"]
[BlackElo "2610"]

1.d4 Nf6 2.c4 e6 3.Nf3 c5 4.d5 d6 5.Nc3 exd5 6.cxd5 g6 7.e4 Bg7 8.h3 O-O
9.Bd3 b5 10.Nxb5 Re8 11.O-O Nxe4 12.Re1 a6 13.Na3 Nf6 14.Nc4 Rxe1+ 15.Qxe1 Bb7
16.Bf4 Bf8 17.Be4 Qc7 18.Qa5 Qxa5 19.Nxa5 Ra7 20.Re1 Bxd5 21.Bxd5 Nxd5 22.Bg3 Nf6
23.Nc4 Rd7 24.Bh4 Nd5 25.Re8 Nc6 26.Bg3 Kg7 27.Ra8 f5 28.Rxa6 Ncb4 29.Ra8 f4
30.Bh4 h6 31.Bd8 Nxa2 32.Nfd2 Nab4 33.Ne4 Nc6 34.Ba5 Nxa5 35.Rxa5 Nf6 36.Nxf6 Kxf6
37.Ra8 Be7 38.Nb6 Rb7 39.Nd5+ Ke5 40.Nxe7 Rxe7 41.Rb8 c4 42.Kf1 Kd4 43.h4 d5
44.Rb6 Kd3 45.Rxg6 Rb7 46.Rxh6 Rxb2 47.g4 f3 48.Kg1 c3 49.Rc6 Rb4  0-1

[Event "ISR-ch"]
[Site "Jerusalem"]
[Date "1996.??.??"]
[Round "1"]
[White "Maryasin, Boris"]
[Black "Psakhis, Lev"]
[Result "1/2-1/2"]
[WhiteElo "2400"]
[BlackElo "2590"]

1.e4 e6 2.d4 d5 3.Nc3 Bb4 4.exd5 exd5 5.Bd3 Nc6 6.a3 Bxc3+ 7.bxc3 Nf6 8.Ne2 O-O
9.O-O Na5 10.Ng3 Re8 11.Re1 Rxe1+ 12.Qxe1 Be6 13.Qe5 Nc6 14.Qg5 h6 15.Qh4 Ng4
16.Qxd8+ Nxd8 17.Nh5 g6 18.h3 gxh5 19.hxg4 hxg4 20.Bxh6 f6 21.Kh2 Nf7 22.Bf4 Nd6
23.Re1 Kf7 24.Bxd6 cxd6 25.Kg3 Rc8 26.Re3 Rh8 27.Re1 Rc8  1/2-1/2

[Event "ISR-ch"]
[Site "Jerusalem"]
[Date "1996.??.??"]
[Round "3"]
[White "Mikhalevski, Alexander"]
[Black "Psakhis, Lev"]
[Result "0-1"]
[WhiteElo "2460"]
[BlackElo "2590"]

1.d4 Nf6 2.c4 e6 3.Nf3 c5 4.d5 d6 5.Nc3 exd5 6.cxd5 g6 7.e4 Bg7 8.Bg5 h6
9.Bh4 a6 10.Nd2 b5 11.Be2 Nbd7 12.O-O O-O 13.a4 b4 14.Ncb1 Re8 15.f4 Qc7
16.Bf3 c4 17.e5 c3 18.bxc3 bxc3 19.Qc1 Nxd5 20.Bxd5 Qc5+ 21.Kh1 Qxd5 22.Nxc3 Qe6
23.exd6 Bb7 24.Rb1 Bc6 25.Nf3 Qxd6 26.Rd1 Qe6 27.Nd4 Bxd4 28.Rxd4 Qh3 29.Nd5 Qxh4
30.Nc7 Bxg2+  0-1

[Event "ISR-ch"]
[Site "Jerusalem"]
[Date "1996.??.??"]
[Round "6"]
[White "Psakhis, Lev"]
[Black "Greenfeld, Alon"]
[Result "1-0"]
[WhiteElo "2590"]
[BlackElo "2560"]

1.e4 c5 2.Nf3 d6 3.d4 cxd4 4.Nxd4 Nf6 5.Nc3 Nc6 6.Be2 e5 7.Nf3 h6 8.O-O Be7
9.Re1 O-O 10.h3 Be6 11.Bf1 Qa5 12.Bd2 Qd8 13.Na4 d5 14.exd5 Nxd5 15.Nxe5 Nxe5
16.Rxe5 Bf6 17.Re1 Rc8 18.Rc1 Bf5 19.b3 Nb6 20.Nxb6 Qxb6 21.Qf3 Bxc2 22.Bc4 Bg6
23.Be3 Qb4 24.a3 Qxa3 25.Qxb7 Rcd8 26.Qxa7 Qxa7 27.Bxa7 Bb2 28.Rcd1 Bc3 29.Rf1 Bb4
30.Be3 Rfe8 31.Ra1 Bd3 32.Rfd1 Bxc4 33.Rxd8 Rxd8 34.bxc4 Rc8 35.c5 Rc7 36.Rc1 Rc6
37.Kf1 f5 38.Ke2 Kf7 39.Kd3 f4 40.Bd4 Ba5 41.Ra1 Bc7 42.Kc4 Ke7 43.Bxg7 Rg6
44.Bd4 Rxg2 45.Ra6  1-0

[Event "ISR-ch"]
[Site "Jerusalem"]
[Date "1996.??.??"]
[Round "9"]
[White "Malisov, Boris"]
[Black "Psakhis, Lev"]
[Result "0-1"]
[WhiteElo "2290"]
[BlackElo "2590"]

1.d4 e6 2.Nf3 Nf6 3.c4 b6 4.Bf4 Bb7 5.e3 Bb4+ 6.Nfd2 O-O 7.a3 Be7 8.Nc3 d6
9.e4 Nc6 10.Be3 Nd7 11.Be2 e5 12.Nf3 exd4 13.Nxd4 Nxd4 14.Bxd4 Nc5 15.O-O Ne6
16.Be3 Bf6 17.f3 Bxc3 18.bxc3 Qh4 19.g3 Qe7 20.Qd2 Qe8 21.Bd3 Qc6 22.a4 a5
23.c5 bxc5 24.Bb5 Qb6 25.Rab1 Ba6 26.Qd5 Bxb5 27.Rxb5 Qa6 28.Qb7 Qxb7 29.Rxb7 Rfc8
30.Rb2 f6 31.f4 Re8 32.Kf2 Nf8 33.Kf3 Nd7 34.Rb7 Rec8 35.Ra1 Kf7 36.Bf2 Ke6
37.Ke3 Nb6 38.Rb1 Ra6 39.Kd3 Kd7 40.R1xb6 Rxb6 41.Ra7 Rb2 42.Be1 Kc6 43.Rxa5 Kb6
44.c4 c6  0-1

[Event "La Coruna op"]
[Site "La Coruna"]
[Date "1996.??.??"]
[Round "?"]
[White "Strikovic, Aleksa"]
[Black "Psakhis, Lev"]
[Result "1/2-1/2"]
[WhiteElo "2550"]
[BlackElo "2590"]

1.e4 e6 2.d4 d5 3.Nc3 Bb4 4.exd5 exd5 5.Bd3 c6 6.Ne2 Ne7 7.O-O Bf5 8.Ng3 Bxd3
9.Qxd3 O-O 10.Bg5 Na6 11.Rae1 f6 12.Bd2 Qd7 13.Nce2 Bxd2 14.Qxd2 Rae8 15.Qd3  1/2-1/2

[Event "La Coruna op"]
[Site "La Coruna"]
[Date "1996.??.??"]
[Round "?"]
[White "Psakhis, Lev"]
[Black "Maric, Mirjana"]
[Result "1-0"]
[WhiteElo "2590"]
[BlackElo "2320"]

1.e4 c5 2.Nf3 e6 3.d3 d5 4.Qe2 Nf6 5.g3 Be7 6.Bg2 Nc6 7.O-O b6 8.e5 Nd7 9.c4 d4
10.Nfd2 Qc7 11.f4 Bb7 12.Ne4 O-O-O 13.Na3 a6 14.Nc2 Kb8 15.Bd2 f5 16.exf6 gxf6
17.f5 e5 18.a3 Rde8 19.b4 Nd8 20.Rfb1 h5 21.a4 h4 22.a5 hxg3 23.hxg3 cxb4
24.axb6 Qc8 25.Nxb4 Nc5 26.Be1 Nxe4 27.Nxa6+ Bxa6 28.Bxe4 Bb7 29.Ra7 Nc6
30.Qa2 Bc5 31.Qa4 Rh7 32.Ra1 Bxb6 33.Ra8+ Kc7 34.Rxc8+ Rxc8 35.Qb5 Ra8 36.Rb1  1-0

[Event "La Coruna op"]
[Site "La Coruna"]
[Date "1996.??.??"]
[Round "?"]
[White "Psakhis, Lev"]
[Black "Guerra Bastida, Diego"]
[Result "1/2-1/2"]
[WhiteElo "2590"]
[BlackElo "2300"]

1.e4 c5 2.Nf3 e6 3.d3 Nc6 4.g3 g6 5.Bg5 Qc7 6.Bg2 Bg7 7.c3 e5 8.a3 d6 9.b4 b6
10.O-O h6 11.Be3 Nf6 12.h3 O-O 13.Nbd2 Be6 14.b5 Ne7 15.c4 Nd7 16.Nh2 Rae8
17.Rb1 f5 18.f4 Nf6 19.Rf3 Qd7 20.Qf1  1/2-1/2

[Event "La Coruna op"]
[Site "La Coruna"]
[Date "1996.??.??"]
[Round "?"]
[White "Psakhis, Lev"]
[Black "Candela Perez, Jose"]
[Result "1-0"]
[WhiteElo "2590"]
[BlackElo "2365"]

1.d4 Nf6 2.c4 g6 3.Nc3 Bg7 4.e4 d6 5.f3 O-O 6.Be3 c6 7.Bd3 a6 8.a4 a5 9.Qd2 Na6
10.Rd1 e5 11.Nge2 Be6 12.d5 cxd5 13.cxd5 Bd7 14.Bb5 Rc8 15.Nc1 Nc5 16.Qe2 Bxb5
17.Qxb5 Nfd7 18.O-O f5 19.Nb3 Nxb3 20.Qxb3 b6 21.Qb5 Bf6 22.Kh1 Rf7 23.g4 fxg4
24.fxg4 Kg7 25.g5 Be7 26.Rxf7+ Kxf7 27.Qf1+ Kg7 28.Qg2 Rc4 29.Rf1 Rb4 30.h4 Qe8
31.Rf2 Rb3 32.Qf1 Rb4 33.Kh2 Kg8 34.Qh3 Nf8 35.Qf3 Nd7 36.Nb5 Rc4 37.b3 Rc8
38.Qg4 Bf8 39.Kg3 Kg7 40.Qe6 Qe7 41.Nxd6 Qxe6 42.dxe6 Bxd6 43.Rf7+ Kg8 44.exd7 Rb8
45.Rf6 Bc5 46.Rxb6  1-0

[Event "Terres Catalanes"]
[Site "Manresa"]
[Date "1996.??.??"]
[Round "2"]
[White "Psakhis, Lev"]
[Black "Cifuentes Parada, Roberto"]
[Result "1/2-1/2"]
[WhiteElo "2590"]
[BlackElo "2500"]

1.e4 c5 2.Nf3 Nc6 3.d4 cxd4 4.Nxd4 Nf6 5.Nc3 e6 6.Ndb5 d6 7.Bf4 e5 8.Bg5 a6
9.Na3 Be6 10.Nc4 Rc8 11.Nd5 Bxd5 12.Bxf6 gxf6 13.Qxd5 Nd4 14.O-O-O Qe7 15.c3 Rc5
16.Nxd6+ Qxd6 17.Qxd6 Bxd6 18.Kb1 Ke7 19.cxd4 exd4 20.Bd3 b5 21.g3 a5 22.Rc1 Rb8
23.f4 h5 24.Rxc5 Bxc5 25.Be2 h4 26.gxh4 Bd6 27.Rf1 Rg8 28.Bxb5  1/2-1/2

[Event "Terres Catalanes"]
[Site "Manresa"]
[Date "1996.??.??"]
[Round "5"]
[White "Pomes Marcet, Juan"]
[Black "Psakhis, Lev"]
[Result "1/2-1/2"]
[WhiteElo "2420"]
[BlackElo "2590"]

1.d4 e6 2.c4 Nf6 3.Nc3 Bb4 4.e3 O-O 5.Bd3 d5 6.Ne2 c5 7.O-O dxc4 8.Bxc4 Nc6
9.a3 Bxc3 10.bxc3 e5 11.a4 Qc7 12.Ba2 Rd8 13.d5 e4 14.f4 c4 15.Bxc4 Bg4 16.Rf2 Na5
17.Ba2 Nc4 18.Qd4 Rac8 19.Rb1 Nxd5 20.Qxc4 Qxc4 21.Bxc4 Rxc4 22.Rxb7 Rxa4
23.Nd4 Nxc3 24.Rc2 Nd5 25.h3 Be6 26.f5 Rxd4 27.exd4 Bxf5 28.g4 Be6 29.Rxa7 h5
30.gxh5  1/2-1/2

[Event "Terres Catalanes"]
[Site "Manresa"]
[Date "1996.??.??"]
[Round "6"]
[White "Psakhis, Lev"]
[Black "Baron Isanta, Jose Maria"]
[Result "1-0"]
[WhiteElo "2590"]
[BlackElo "2290"]

1.c4 g6 2.e4 Bg7 3.d4 d6 4.Nc3 Nf6 5.f3 O-O 6.Be3 e5 7.Nge2 c6 8.Qb3 Nbd7
9.O-O-O Qc7 10.Kb1 a6 11.dxe5 Nxe5 12.Bb6 Qe7 13.Na4 Be6 14.Nf4 c5 15.Nxe6 Qxe6
16.Bc7 Ne8 17.Ba5 Rb8 18.Nb6 Nc6 19.Bc3 Nd4 20.Qa4 Rd8 21.Bd3 Nc7 22.f4 Qe8
23.Qxe8 Rfxe8 24.Rhe1 Nc6 25.Bxg7 Kxg7 26.Kc1 Ne6 27.Rf1 Ned4 28.Rde1 f6
29.Kd2 Rf8 30.a3 Rde8 31.Kc3 a5 32.Nd5 Ra8 33.Re3 Ne6 34.Rg3 Ncd4 35.h4 Rg8  1-0

[Event "Terres Catalanes"]
[Site "Manresa"]
[Date "1996.??.??"]
[Round "8"]
[White "Psakhis, Lev"]
[Black "Mellado Trivino, Juan"]
[Result "1-0"]
[WhiteElo "2590"]
[BlackElo "2455"]

1.e4 d5 2.exd5 Qxd5 3.Nc3 Qa5 4.d4 Nf6 5.Nf3 Bf5 6.Bc4 c6 7.Bd2 e6 8.Ne4 Qc7
9.Nxf6+ gxf6 10.c3 Nd7 11.Qe2 O-O-O 12.Nh4 Bg6 13.g3 Nb6 14.Bb3 c5 15.Nxg6 hxg6
16.dxc5 Bxc5 17.h4 Nd5 18.O-O-O Qb6 19.Rhf1 Rh5 20.Bc2 Re5 21.Qf3 Qa6 22.Kb1 f5
23.Bg5 Rd6 24.h5 gxh5 25.Qxh5 Qe2 26.Qxf7 Ba3 27.Bd2 Rd7 28.Qe8+ Rd8 29.Qf7 Rd7
30.Qg8+ Rd8 31.Qg7 Bf8 32.Qf7 Qb5 33.Bb3 Qd7 34.Qxd7+ Rxd7 35.Rde1 Rxe1+
36.Rxe1 Nc7 37.Be3 b6 38.Rh1 Bc5 39.Bxc5 bxc5 40.Kc2 Rg7 41.Kd3 Kd7 42.Ke3 Rg4
43.Rh4 Rg7 44.Kf4 Kd6 45.f3 a5 46.Rh2 a4 47.Bc4 Rg8 48.g4 fxg4 49.fxg4 Rf8+
50.Kg3 Nd5 51.Bxd5 exd5 52.g5 d4 53.cxd4 cxd4 54.Rf2 Re8 55.Kf3 a3 56.bxa3 Re3+
57.Kg4 d3 58.Kf4 Re2 59.Kf3 Re5 60.Rg2 Ke7 61.g6 Kf8 62.g7+ Kg8 63.a4 Re7
64.a5 Re5 65.a6 Ra5 66.Ke3 d2 67.Rxd2 Kxg7 68.a7  1-0

[Event "Mondariz op"]
[Site "Mondariz"]
[Date "1996.??.??"]
[Round "?"]
[White "Paunovic, Dragan"]
[Black "Psakhis, Lev"]
[Result "0-1"]
[WhiteElo "2495"]
[BlackElo "2590"]

1.Nf3 c5 2.c4 Nc6 3.g3 g6 4.Bg2 Bg7 5.Nc3 b6 6.O-O Bb7 7.a3 d6 8.Rb1 Qd7
9.d3 e6 10.Bd2 Nge7 11.b4 O-O 12.b5 Ne5 13.Nxe5 Bxe5 14.Bxb7 Qxb7 15.Ne4 d5
16.Ng5 Bg7 17.Qc2 Nf5 18.Nf3 Rfe8 19.a4 Rad8 20.a5 e5 21.cxd5 Qxd5 22.e4 Qxd3
23.Qxd3 Rxd3 24.exf5 e4 25.axb6 axb6 26.Rfe1 Rxf3 27.fxg6 hxg6 28.Be3 Bd4
29.Rbd1 Bxe3 30.Rxe3 Rxe3 31.fxe3 c4 32.Rd6 c3 33.Rc6 Re5 34.Rxc3 Rxb5 35.Rc4 f5
36.Rc7 Rb2 37.h4 b5 38.h5 gxh5 39.Rc5 b4 40.Rxf5 b3 41.Rb5 Kf7 42.Kf1 Rb1+
43.Kg2 b2  0-1

[Event "Tel Aviv Cup rapid"]
[Site "Tel Aviv"]
[Date "1996.??.??"]
[Round "3"]
[White "Psakhis, Lev"]
[Black "Manor, Ilan"]
[Result "1-0"]
[WhiteElo "2610"]
[BlackElo "2510"]

1.e4 g6 2.d4 Bg7 3.c4 d6 4.Nc3 Nc6 5.d5 Nd4 6.Be3 c5 7.Nge2 Qb6 8.Na4 Qa5+
9.Bd2 Qc7 10.Nxd4 cxd4 11.c5 Nf6 12.Bb5+ Bd7 13.Bxd7+ Nxd7 14.cxd6 Qxd6 15.Qb3 Qa6
16.Rc1 O-O 17.Nc5 Nxc5 18.Rxc5 f5 19.e5 f4 20.Ra5 Qb6 21.Rb5 Qd8 22.Rxb7 Kh8
23.e6 f3 24.gxf3 Rb8 25.O-O Qd6 26.Bb4  1-0

[Event "Tel Aviv Cup rapid"]
[Site "Tel Aviv"]
[Date "1996.??.??"]
[Round "3"]
[White "Manor, Ilan"]
[Black "Psakhis, Lev"]
[Result "1/2-1/2"]
[WhiteElo "2510"]
[BlackElo "2610"]

1.Nf3 Nf6 2.g3 b6 3.Bg2 Bb7 4.O-O d5 5.b3 g6 6.Bb2 Bg7 7.e3 O-O 8.Qe2 c5
9.d4 cxd4 10.exd4 Nc6 11.c4 e6 12.Nbd2 Rc8 13.Rac1 Re8 14.Rfe1 Qe7 15.Ne5 Red8
16.Qe3 dxc4 17.Ndxc4 Nb4 18.Bh3 Bd5 19.Ba3 b5 20.Na5 Bf8 21.Nac6 Bxc6 22.Bxb4 Qe8
23.Bxf8 Kxf8 24.Qg5 Ke7  1/2-1/2

[Event "Vienna op"]
[Site "Vienna"]
[Date "1996.??.??"]
[Round "3"]
[White "Komarov, Dimitri"]
[Black "Psakhis, Lev"]
[Result "1/2-1/2"]
[WhiteElo "2595"]
[BlackElo "2590"]

1.d4 e6 2.c4 Nf6 3.Nf3 b6 4.g3 Ba6 5.b3 Bb4+ 6.Bd2 Be7 7.Bg2 c6 8.Bc3 d5
9.Ne5 Nfd7 10.Nxd7 Nxd7 11.Nd2 O-O 12.O-O Rc8 13.e4 b5 14.Re1 bxc4 15.bxc4 dxc4
16.Qa4 Bb5 17.Qc2 Re8 18.a4 Ba6 19.Rad1 Bf8 20.Nf1 Qc7 21.Ne3 e5 22.Bf1 exd4
23.Bxd4 Bb4 24.Bc3 Bxc3 25.Qxc3 Qe5 26.Qc2 Nb6 27.a5 Na8 28.Bxc4 Bxc4 29.Nxc4 Qc5
30.Rd7 Nc7 31.Red1 Ne6 32.Qd3  1/2-1/2

[Event "Yerevan ol (Men)"]
[Site "Yerevan"]
[Date "1996.??.??"]
[Round "4"]
[White "Kasimdzhanov, Rustam"]
[Black "Psakhis, Lev"]
[Result "1/2-1/2"]
[WhiteElo "2435"]
[BlackElo "2590"]

1.e4 e6 2.d4 d5 3.exd5 exd5 4.Nf3 Bg4 5.h3 Bh5 6.Qe2+ Qe7 7.Be3 Nc6 8.g4 Bg6
9.Nc3 O-O-O 10.O-O-O f6 11.Bg2 Qe8 12.Ne1 Nge7 13.Nd3 Bxd3 14.Qxd3 Kb8 15.Rhe1 Qf7
16.a3 Nc8  1/2-1/2

[Event "Yerevan ol (Men)"]
[Site "Yerevan"]
[Date "1996.??.??"]
[Round "7"]
[White "Psakhis, Lev"]
[Black "Nadanian, Ashot"]
[Result "1-0"]
[WhiteElo "2590"]
[BlackElo "2325"]

1.e4 d5 2.exd5 Nf6 3.c4 e6 4.dxe6 Bxe6 5.Be2 c5 6.Nf3 Nc6 7.O-O Be7 8.d3 Qb6
9.Nc3 Rd8 10.b3 Bf5 11.Bf4 O-O 12.Qd2 Rd7 13.Ne5 Nxe5 14.Bxe5 Rfd8 15.Qf4 Bxd3
16.Bxd3 Rxd3 17.Bc7 Qc6 18.Bxd8 Bxd8 19.Qb8 Qd7 20.Rad1 g6 21.Rxd3 Qxd3 22.Nd5  1-0

[Event "New York op"]
[Site "New York"]
[Date "1997.04.03"]
[Round "?"]
[White "Pushkov, Nikolai"]
[Black "Psakhis, Lev"]
[Result "1/2-1/2"]
[WhiteElo "2530"]
[BlackElo "2610"]

1.Nf3 c5 2.c4 Nc6 3.Nc3 Nf6 4.g3 d5 5.cxd5 Nxd5 6.Bg2 Nc7 7.O-O e5 8.d3 Be7
9.Be3 Bd7 10.Nd2 O-O 11.Nc4 b6 12.Bxc6 Bxc6 13.Nxe5 Bb7 14.Qa4 Bf6 15.Nf3 Bxf3
16.exf3 Qxd3 17.Rfd1 Qf5 18.Qe4 Qc8 19.Rd2 Re8 20.Qc2 Ne6 21.Ne4 Be7 22.Rad1 Qc6
23.f4 Rad8 24.f5 Nc7 25.Ng5 Rxd2 26.Qxd2 Rd8 27.Qc2 Rxd1+ 28.Qxd1 Nd5 29.Qf3 Bf6
30.b3 Bxg5 31.Bxg5 f6 32.Bd2 c4 33.bxc4 Qxc4 34.Qa3 Qc2 35.Qd6 Qb1+ 36.Kg2 Qe4+
37.Kg1 h5 38.Qb8+ Kh7 39.Qxa7 h4 40.Qa6 h3 41.Qf1 Qxf5 42.f3 Kg8 43.Qe2 Qb1+
44.Kf2 Qxa2 45.Qe8+ Kh7  1/2-1/2

[Event "Rishon Le Ziyyon 9798"]
[Site "Rishon Le Ziyyon"]
[Date "1997.12.25"]
[Round "1"]
[White "Mittelman, Gur"]
[Black "Psakhis, Lev"]
[Result "1/2-1/2"]
[WhiteElo "2415"]
[BlackElo "2565"]

1.d4 Nf6 2.Nf3 e6 3.g3 d5 4.c4 Bb4+ 5.Bd2 Be7 6.Bg2 O-O 7.O-O c6 8.Qb3 Nbd7
9.Bf4 Nh5 10.Bc1 Nhf6 11.Bf4 Ne4 12.Nc3 f5 13.Nxe4 fxe4 14.Ne5 Qb6 15.Bh3 Nxe5  1/2-1/2

[Event "Rishon Le Ziyyon 9798"]
[Site "Rishon Le Ziyyon"]
[Date "1997.12.27"]
[Round "3"]
[White "Khasin, Alexander"]
[Black "Psakhis, Lev"]
[Result "1/2-1/2"]
[WhiteElo "2505"]
[BlackElo "2565"]

1.c4 e5 2.g3 Nf6 3.Bg2 d5 4.cxd5 Nxd5 5.Nc3 Nb6 6.d3 Be7 7.Nf3 Nc6 8.O-O O-O
9.Be3 Be6 10.a3 Nd5 11.Nxd5 Bxd5 12.Qa4 Re8  1/2-1/2

[Event "Rishon Le Ziyyon 9798"]
[Site "Rishon Le Ziyyon"]
[Date "1997.12.28"]
[Round "4"]
[White "Psakhis, Lev"]
[Black "Kaspi, Alexander"]
[Result "1/2-1/2"]
[WhiteElo "2565"]
[BlackElo "2495"]

1.e4 c5 2.Nf3 d6 3.d4 cxd4 4.Nxd4 Nf6 5.Nc3 a6 6.Be2 e5 7.Nb3 Be7 8.O-O O-O
9.Kh1 b5 10.Nd5 Nxd5 11.Qxd5 Ra7 12.Be3 Be6 13.Qd1 Rd7 14.a4 b4 15.Qe1  1/2-1/2